| 000 | 00359nam a22001217a 4500 | ||
|---|---|---|---|
| 082 | _a200 THE | ||
| 100 |
_aZEESHAN ALI AKBAR _970347 |
||
| 245 | _aTH-SOF-1707-Modeling and Control of an Automotive Driveline | ||
| 260 |
_aISLAMABAD _bNUST COLLEGE OF EME _c2019 |
||
| 650 | _aMS-ELECT-2016 MSTHESIS | ||
| 700 | _aSupervisor DR. FAHAD MUMTAZ MALIK | ||
| 942 | _cCF | ||
| 999 |
_c577337 _d577337 |
||